000 00340nam a2200145Ia 4500
005 20251222144810.0
008 251222s9999||||xx |||||||||||||| ||spa||
020 _a84-282-0924-2001
082 _a572.3/N38
100 _aLehninger, Albert L.
245 0 _aPrincipios de BioquĂ­mica
250 _a2a.ed.
264 _bOmega
942 _cLIB
999 _c20064
_d20064